Con su esfuerzo y una oportunidad: historias de vida de familias que participan en el Programa Puente

محفوظ في:
التفاصيل البيبلوغرافية
التنسيق: كتاب
اللغة:الإسبانية
منشور في: Santiago Fosis 2005
الطبعة:1a. ed
الموضوعات:
الوسوم: إضافة وسم
لا توجد وسوم, كن أول من يضع وسما على هذه التسجيلة!

MARC

LEADER 00000nam a2200000 a 4500
001 UCK7490
003 CL-VaPUC
008 051125e20050000CL |||||||||||||||||spa|d
020 |a 9568431012 
082 0 4 |a 362.828  |b CON  |2 21 
245 1 0 |a Con su esfuerzo y una oportunidad: historias de vida de familias que participan en el Programa Puente 
250 |a 1a. ed 
300 |a 185 p 
942 |c BK 
945 |d 20051125 00:00:00  |a cmena 
260 |a Santiago  |b Fosis  |c 2005 
600 0 |a Chile solidario  |9 496992 
650 0 |a Familias   |9 255641 
650 0 |a Problemas sociales  |9 258537 
650 0 |a Trabajo social   |9 307856 
650 0 |a Proyectos de inversión   |9 261065 
650 0 |a Estado y sociedad  |9 345536 
650 0 |a Pobreza  |9 258652 
583 |a last modification  |c 20140102 04:43:53  |k Rodrigo Vera 
999 |c 315400  |d 315398 
952 |0 0  |1 0  |4 0  |6 362_828000000000000_CON_2005  |7 0  |8 A  |9 388609  |a BIBGIM  |b BIBGIM  |d 2019-11-22  |i 4162781  |o 362.828 CON 2005  |p 4162781  |r 2025-01-15  |w 2019-11-22  |y BK  |k SSL